[Event "6th EUR-ch (w)"]
[Site "Chisinau MDA"]
[Date "2005.06.11"]
[Round "1"]
[White "Kuzevanova, Evgenia"]
[Black "Grabuzova, Tatiana"]
[Result "0-1"]
[WhiteElo "2124"]
[BlackElo "2327"]
[EventDate "2005.06.10"]
[PlyCount "78"]

1.e4 c6 2.d4 d5 3.exd5 cxd5 4.c4 Nf6 5.Nc3 Nc6 6.Nf3 Bg4 7.cxd5 Nxd5 8.Qb3
Bxf3 9.gxf3 e6 10.Qxb7 Nxd4 11.Bb5+ Nxb5 12.Qc6+ Ke7 13.Qxb5 Qd7 14.Bg5+ 
f6 15.Nxd5+ Qxd5 16.Qxd5 exd5 17.Be3 Ke6 18.Rc1 Bd6 19.Ke2 Rhc8 20.Kd3 Be5
21.Bd4 Kf5 22.b4 Rxc1 23.Rxc1 Bxh2 24.Rh1 Bf4 25.Rh5+ Bg5 26.Be3 Kg6 27.
Rh1 Bxe3 28.fxe3 h5 29.Kd4 Re8 30.a4 Kh6 31.b5 g5 32.a5 f5 33.b6 axb6 34.
axb6 g4 35.b7 Rb8 36.Kxd5 Rxb7 37.e4 g3 38.exf5 Kg5 39.f6 Kxf6 0-1

[Event "6th EUR-ch (w)"]
[Site "Chisinau MDA"]
[Date "2005.06.11"]
[Round "1"]
[White "Goreskul, Alyona"]
[Black "Lupik, Marina"]
[Result "0-1"]
[WhiteElo "2323"]
[BlackElo "2123"]
[EventDate "2005.06.10"]
[PlyCount "112"]

1.e4 c5 2.c3 Nf6 3.e5 Nd5 4.g3 d6 5.exd6 e6 6.Bg2 Bxd6 7.Nf3 Nc6 8.O-O O-O
9.d4 cxd4 10.Nxd4 Nxd4 11.Qxd4 Qc7 12.Nd2 Bd7 13.Ne4 Be5 14.Qd3 a6 15.Re1 
Bb5 16.Qf3 Bc6 17.Qe2 Nf6 18.Bg5 Nxe4 19.Bxe4 Bxe4 20.Qxe4 f6 21.Bd2 Rfe8 
22.Rad1 Rad8 23.Bc1 Bd6 24.Rd3 e5 25.g4 Qc6 26.Qxc6 bxc6 27.Re4 Bc7 28.
Rxd8 Rxd8 29.Be3 Kf7 30.Ra4 a5 31.Rc4 Rd6 32.b4 Bd8 33.Kg2 Ke6 34.Kf3 g6 
35.Ke2 Kd7 36.a4 Kc8 37.Bc5 Re6 38.f3 Kb7 39.Kd3 Bb6 40.bxa5 Bxa5 41.Ke4 
Re8 42.h4 Bd8 43.Bd6 h5 44.Bb4 hxg4 45.fxg4 Rh8 46.a5 Rxh4 47.a6+ Kxa6 48.
Rxc6+ Kb7 49.Rd6 Rxg4+ 50.Kd5 Rg1 51.Ke6 Bc7 52.Rd7 Kc6 53.Rg7 f5 54.Kf6 
f4 55.Bc5 Kxc5 56.Rxc7+ Kd6 0-1

[Event "6th EUR-ch (w)"]
[Site "Chisinau MDA"]
[Date "2005.06.11"]
[Round "1"]
[White "Mar, Karmen"]
[Black "Milliet, Sophie"]
[Result "1-0"]
[WhiteElo "2119"]
[BlackElo "2319"]
[EventDate "2005.06.10"]
[PlyCount "191"]

1.e4 e5 2.Nf3 Nc6 3.Bc4 Nf6 4.d3 Be7 5.Nbd2 O-O 6.Bb3 d5 7.exd5 Nxd5 8.Ne4
Bg4 9.h3 Bxf3 10.Qxf3 Nd4 11.Qd1 f5 12.Nc3 c6 13.Nxd5 cxd5 14.c3 Nxb3 15.
Qxb3 Qd7 16.Bd2 Rf6 17.O-O-O Rb6 18.Qc2 d4 19.c4 Ra6 20.Kb1 Rc8 21.Bc1 b5 
22.Rhe1 Bd6 23.f4 exf4 24.Qf2 bxc4 25.dxc4 Rxc4 26.Rxd4 Qf7 27.Re8+ Qxe8 
28.Rxc4 Qe6 29.b3 Qd5 30.Qe2 Bf8 31.Rxf4 Re6 32.Qc2 g6 33.g4 Rc6 34.Qe2 
Qc5 35.Rc4 Qb5 36.Qe8 Rb6 37.Qxb5 Rxb5 38.Rc8 Kf7 39.Rc7+ Ke6 40.Rxh7 fxg4
41.hxg4 a5 42.Bb2 Rb4 43.Ba3 Rf4 44.Bxf8 Rxf8 45.Ra7 Rf4 46.Ra6+ Kf7 47.
Rxa5 Rxg4 48.Kc2 Rd4 49.Kc3 Rd8 50.Rg5 Kf6 51.Rg1 g5 52.a4 Kf5 53.a5 Kf4 
54.Kb4 g4 55.Kc5 Rc8+ 56.Kd5 Rb8 57.Kc4 Rc8+ 58.Kd3 Rb8 59.Kc4 Rc8+ 60.Kb4
g3 61.Ka4 Kf3 62.b4 Kf2 63.Rd1 g2 64.Rd2+ Kf3 65.Rd3+ Kf2 66.Rd2+ Kf3 67.
Rxg2 Kxg2 68.a6 Kf3 69.b5 Ke4 70.b6 Kd5 71.b7 Rc1 72.a7 Kc4 73.Ka3 Kc3 74.
Ka2 Rc2+ 75.Kb1 Rb2+ 76.Ka1 Rxb7 77.a8=Q Rb4 78.Qc6+ Rc4 79.Qf3+ Kc2 80.
Qe2+ Kb3 81.Qb2+ Ka4 82.Ka2 Rb4 83.Qe2 Rb5 84.Qc4+ Ka5 85.Ka3 Rb7 86.Qc5+ 
Ka6 87.Ka4 Rb6 88.Qd5 Ka7 89.Ka5 Rb7 90.Qc6 Kb8 91.Qc5 Rc7 92.Qd5 Ka7 93.
Kb5 Rb7+ 94.Kc6 Kb8 95.Qa5 Rd7 96.Kxd7 1-0

[Event "6th EUR-ch (w)"]
[Site "Chisinau MDA"]
[Date "2005.06.11"]
[Round "1"]
[White "Shumiakina, Tatiana"]
[Black "Seps, Monika"]
[Result "1-0"]
[WhiteElo "2316"]
[BlackElo "2116"]
[EventDate "2005.06.10"]
[PlyCount "69"]

1.d4 Nf6 2.Nf3 e6 3.c4 Bb4+ 4.Nc3 O-O 5.Bg5 c5 6.d5 d6 7.e3 h6 8.Bh4 Bxc3+
9.bxc3 e5 10.Qc2 Nbd7 11.Be2 Re8 12.Nd2 Qa5 13.f3 b5 14.cxb5 Nxd5 15.Nc4 
Qxc3+ 16.Qxc3 Nxc3 17.Nxd6 Re6 18.Nxc8 Rxc8 19.Bc4 Rg6 20.Rc1 Na4 21.O-O 
Rd6 22.Rc2 Kf8 23.Rfc1 Nab6 24.Be2 f6 25.Bf2 Ke7 26.e4 Na4 27.g3 Ndb6 28.
Bf1 Nd7 29.Be3 Rc7 30.Bc4 Nab6 31.Bb3 Rd3 32.Kf2 c4 33.Ke2 Rxe3+ 34.Kxe3 
Kd6 35.Bxc4 1-0

[Event "6th EUR-ch (w)"]
[Site "Chisinau MDA"]
[Date "2005.06.11"]
[Round "1"]
[White "Coimbra, Margarida"]
[Black "Molchanova, Tatiana"]
[Result "0-1"]
[WhiteElo "2098"]
[BlackElo "2315"]
[EventDate "2005.06.10"]
[PlyCount "118"]

1.e4 c5 2.Nc3 Nc6 3.g3 g6 4.Bg2 Bg7 5.d3 d6 6.Be3 Nh6 7.h3 f5 8.Qd2 Nf7 9.
Nge2 Nd4 10.Rb1 O-O 11.f4 Rb8 12.O-O b5 13.b4 Bd7 14.a3 Qc8 15.Kh2 Nd8 16.
Nd5 Re8 17.Bg1 e6 18.Ne3 Nxe2 19.Qxe2 Nc6 20.c4 Nd4 21.Qa2 Qa6 22.Rf2 Rbc8
23.Rd2 fxe4 24.dxe4 bxc4 25.Nxc4 Bb5 26.Na5 Bd3 27.Rbd1 c4 28.Bxd4 Bxd4 
29.Rxd3 cxd3 30.Qb3 Bb6 31.Rxd3 Bxa5 32.bxa5 Rb8 33.Qd1 Qxa5 34.Rxd6 Rbd8 
35.e5 Qc7 36.Rxd8 Rxd8 37.Qb3 Qb6 38.Qxb6 axb6 39.a4 Rd2 40.Kg1 Kf7 41.h4 
h6 42.Kf1 Rc2 43.Bf3 Rc4 44.Bd1 g5 45.hxg5 hxg5 46.fxg5 Rc5 47.Kf2 Kg6 48.
Ke3 Rxe5+ 49.Kf4 Rxg5 50.g4 Kf6 51.Bb3 e5+ 52.Kf3 Rg7 53.Bd5 Ra7 54.Bc6 
Rc7 55.Bb5 Rc1 56.Bd7 Rd1 57.Bc6 Rd4 58.Bb5 Kg5 59.Ke3 Kxg4 0-1

[Event "6th EUR-ch (w)"]
[Site "Chisinau MDA"]
[Date "2005.06.11"]
[Round "1"]
[White "Andronic, Iulia"]
[Black "Kochetkova, Yulia"]
[Result "0-1"]
[WhiteElo "2085"]
[BlackElo "2311"]
[EventDate "2005.06.10"]
[PlyCount "54"]

1.Nf3 c5 2.c4 Nc6 3.Nc3 g6 4.g3 Bg7 5.Bg2 e5 6.d3 Nge7 7.O-O O-O 8.Rb1 d6 
9.a3 f5 10.Ne1 Rb8 11.b4 b6 12.Nd5 Kh8 13.Nc2 Nxd5 14.cxd5 Ne7 15.f4 Bb7 
16.e4 Rc8 17.bxc5 dxc5 18.fxe5 Bxe5 19.Bf4 Bg7 20.Ne3 Bd4 21.Kh1 fxe4 22.
dxe4 Rxf4 23.gxf4 Bxe3 24.d6 Nc6 25.e5 Qd7 26.Rf3 Bd4 27.Bh3 Qxh3 0-1

[Event "6th EUR-ch (w)"]
[Site "Chisinau MDA"]
[Date "2005.06.11"]
[Round "1"]
[White "Purtseladze, Maka"]
[Black "Cicariova, Elena"]
[Result "1-0"]
[WhiteElo "2311"]
[BlackElo "2081"]
[EventDate "2005.06.10"]
[PlyCount "85"]

1.d4 Nf6 2.c4 g6 3.Nc3 Bg7 4.e4 d6 5.Be2 O-O 6.Bg5 h6 7.Be3 e5 8.d5 a5 9.
h4 Na6 10.h5 g5 11.g4 c6 12.f3 c5 13.Qd2 Nh7 14.Bd1 Bd7 15.Ba4 Bxa4 16.
Nxa4 Rb8 17.Ne2 Re8 18.Ng3 Bf8 19.Nf5 b5 20.cxb5 Rxb5 21.O-O Qb8 22.b3 Nb4
23.Nb2 Qc7 24.Nc4 Rd8 25.Rab1 Na6 26.Rb2 a4 27.bxa4 Rxb2 28.Qxb2 Rb8 29.
Qc2 Qd7 30.Rb1 Rxb1+ 31.Qxb1 Qxa4 32.Ncxd6 Nf6 33.Qb3 Qa5 34.Qb7 Nc7 35.
Qc8 Qe1+ 36.Kg2 Qe2+ 37.Bf2 Nxg4 38.fxg4 Qxg4+ 39.Ng3 Qf4 40.Qxc7 Bxd6 41.
Qxd6 g4 42.Qxc5 Qf3+ 43.Kh2 1-0

[Event "6th EUR-ch (w)"]
[Site "Chisinau MDA"]
[Date "2005.06.11"]
[Round "1"]
[White "Kucherenko, Olena"]
[Black "Voicu, Carmen"]
[Result "0-1"]
[WhiteElo "2079"]
[BlackElo "2310"]
[EventDate "2005.06.10"]
[PlyCount "76"]

1.e4 c5 2.Nc3 Nc6 3.g3 g6 4.Bg2 Bg7 5.d3 d6 6.Be3 Rb8 7.Qd2 b5 8.Nge2 b4 
9.Nd1 Nd4 10.O-O e6 11.Nc1 Ne7 12.c3 bxc3 13.bxc3 Ndc6 14.Bh6 O-O 15.Bxg7 
Kxg7 16.Ne3 e5 17.f4 f6 18.Nb3 Ba6 19.Rf2 Qb6 20.Bh3 Bb5 21.Raf1 h5 22.Kh1
a5 23.Be6 a4 24.Nc1 Nd8 25.Bc4 Bc6 26.fxe5 dxe5 27.g4 h4 28.Rg2 Nf7 29.Qf2
Ng5 30.Nd5 Bxd5 31.exd5 h3 32.Rg3 Qd6 33.Re3 Nxd5 34.Bxd5 Qxd5+ 35.Kg1 f5 
36.c4 Qb7 37.Qd2 fxg4 38.Qc3 Qg2# 0-1

[Event "6th EUR-ch (w)"]
[Site "Chisinau MDA"]
[Date "2005.06.11"]
[Round "1"]
[White "Rohonyan, Kateryna"]
[Black "Grishina, Alexandra"]
[Result "1-0"]
[WhiteElo "2309"]
[BlackElo "2065"]
[EventDate "2005.06.10"]
[PlyCount "55"]

1.c4 c6 2.e4 d5 3.exd5 cxd5 4.d4 Nf6 5.Nc3 Nc6 6.Nf3 e6 7.Bd3 dxc4 8.Bxc4 
Be7 9.O-O O-O 10.a3 b6 11.Qd3 Nd5 12.Re1 Bf6 13.Ne4 h6 14.Bd2 Bb7 15.Rac1 
Rc8 16.Ba2 Nce7 17.Rxc8 Qxc8 18.Ne5 Nf5 19.Bxd5 Bxd5 20.Nxf6+ gxf6 21.Ng4 
Kg7 22.Nxh6 Nxh6 23.Qg3+ Kh7 24.Qh4 Rh8 25.Qxh6+ Kg8 26.Qxf6 Rh7 27.Bh6 
Bb7 28.g4 1-0

[Event "6th EUR-ch (w)"]
[Site "Chisinau MDA"]
[Date "2005.06.11"]
[Round "1"]
[White "Muzychuk, Maria"]
[Black "Smochina, Carolina"]
[Result "1-0"]
[WhiteElo "2059"]
[BlackElo "2307"]
[EventDate "2005.06.10"]
[PlyCount "159"]

1.e4 c5 2.c4 Nc6 3.Ne2 g6 4.d4 cxd4 5.Nxd4 Bg7 6.Be3 Nf6 7.Nc3 Ng4 8.Qxg4 
Nxd4 9.Qd1 Ne6 10.Qd2 Qa5 11.Rc1 d6 12.Be2 Bd7 13.O-O O-O 14.Nd5 Qd8 15.f4
f5 16.exf5 gxf5 17.Rf3 Nc5 18.Bxc5 dxc5 19.Rg3 Kh8 20.Rxg7 Kxg7 21.Rc3 Be8
22.Re3 Bg6 23.Qc3+ Kf7 24.Rxe7+ Qxe7 25.Nxe7 Kxe7 26.Qe5+ Kf7 27.Bf3 Kg8 
28.Bxb7 Rad8 29.Bd5+ Bf7 30.Qxf5 Bxd5 31.Qg5+ Kf7 32.cxd5 Rd6 33.Qh5+ Kg8 
34.Qe5 Rfd8 35.f5 Rxd5 36.Qe6+ Kf8 37.h3 R8d6 38.Qe4 Kf7 39.Kh2 Rd4 40.
Qb7+ Rd7 41.Qc6 c4 42.Qe6+ Kf8 43.Qh6+ Kg8 44.f6 R4d6 45.Qh4 Kf7 46.Qxh7+ 
Kxf6 47.Qh4+ Kf5 48.Qg4+ Ke5 49.Qxc4 Rd2 50.Qc3+ Ke4 51.a3 R7d3 52.Qc4+ 
Ke3 53.Qe6+ Kf2 54.Qf6+ Ke1 55.h4 Rf2 56.Qg5 Rdd2 57.Kh3 Kf1 58.g3 Rfe2 
59.b4 Kf2 60.Qf5+ Kg1 61.Qc5+ Kf1 62.h5 Rc2 63.Qd4 a6 64.h6 Rh2+ 65.Kg4 
Rcf2 66.Qd1+ Kg2 67.Qd5+ Kg1 68.Kg5 Rh3 69.g4 Rfh2 70.Qe6 Rxa3 71.Kg6 Rah3
72.g5 Kf2 73.Qxa6 Kf3 74.Qf6+ Ke4 75.Qf5+ Kd4 76.Kg7 Kc4 77.h7 Kxb4 78.
Qxh3 Rxh3 79.h8=Q Rxh8 80.Kxh8 1-0

[Event "6th EUR-ch (w)"]
[Site "Chisinau MDA"]
[Date "2005.06.11"]
[Round "1"]
[White "Ovod, Evgenia"]
[Black "Minina, Veronika"]
[Result "1-0"]
[WhiteElo "2305"]
[BlackElo "2059"]
[EventDate "2005.06.10"]
[PlyCount "101"]

1.d4 d5 2.c4 c6 3.Nf3 Nf6 4.Nc3 e6 5.Bg5 h6 6.Bxf6 Qxf6 7.e3 Nd7 8.Bd3 
dxc4 9.Bxc4 g6 10.O-O Bg7 11.b4 O-O 12.Rc1 e5 13.Bb3 exd4 14.Nxd4 Ne5 15.
b5 Bd7 16.Qe2 Rad8 17.bxc6 Nxc6 18.Nd5 Qe5 19.Nf3 Qb8 20.Nf4 Kh7 21.Bd5 
Ne5 22.Rb1 Bc6 23.Bxc6 Nxc6 24.Qb5 Rd7 25.h4 Be5 26.g4 Rfd8 27.Rfc1 Qd6 
28.Rc5 Bxf4 29.exf4 Nd4 30.Nxd4 Qxd4 31.h5 Qe4 32.hxg6+ fxg6 33.Rf1 Qd3 
34.Qa4 b6 35.Re5 Rc8 36.Rfe1 Rcc7 37.Qb4 Rf7 38.Re8 Qc3 39.Qe4 Qg7 40.Kg2 
Rcd7 41.Qe6 Rc7 42.Re5 Rf8 43.f5 gxf5 44.Rxf8 Qxf8 45.Rxf5 Qe7 46.Qd5 Qd7 
47.Qe4 Kg7 48.Qe5+ Kh7 49.Rf6 Qg7 50.Qf5+ Kh8 51.Rf8+ 1-0

[Event "6th EUR-ch (w)"]
[Site "Chisinau MDA"]
[Date "2005.06.11"]
[Round "1"]
[White "Paulet, Iozefina"]
[Black "Velikhanli, Firuza"]
[Result "0-1"]
[WhiteElo "2051"]
[BlackElo "2303"]
[EventDate "2005.06.10"]
[PlyCount "44"]

1.d4 d6 2.c4 g6 3.Nc3 Bg7 4.Nf3 Nf6 5.e4 O-O 6.h3 Nbd7 7.Bg5 c5 8.e5 cxd4 
9.exf6 exf6 10.Bxf6 Nxf6 11.Nxd4 Qb6 12.Ndb5 d5 13.cxd5 a6 14.Qd4 Qd8 15.
Na3 Nxd5 16.Qc5 Nxc3 17.bxc3 Re8+ 18.Be2 Bf8 19.Qc4 Bxa3 20.O-O Be6 21.Qa4
Qe7 22.Rfe1 Bb2 0-1

[Event "6th EUR-ch (w)"]
[Site "Chisinau MDA"]
[Date "2005.06.11"]
[Round "1"]
[White "Nebolsina, Vera"]
[Black "Bulmaga, Irina"]
[Result "1-0"]
[WhiteElo "2302"]
[BlackElo "2046"]
[EventDate "2005.06.10"]
[PlyCount "71"]

1.d4 d5 2.Nf3 c6 3.c4 Nf6 4.Nc3 a6 5.c5 Nbd7 6.Bf4 Nh5 7.e3 g6 8.h4 Nxf4 
9.exf4 Qc7 10.g3 Nf6 11.Ne5 Bg7 12.Bd3 Bf5 13.g4 Bxd3 14.Qxd3 Nd7 15.h5 
Nxe5 16.fxe5 gxh5 17.Rxh5 O-O-O 18.O-O-O h6 19.Kc2 e6 20.Ne2 Qa5 21.a3 Qb5
22.Qd2 Qa4+ 23.Kb1 Qb3 24.Nc3 Kd7 25.Qf4 Rdf8 26.Rd3 f6 27.Qd2 fxe5 28.
Nxd5 Qxd3+ 29.Qxd3 cxd5 30.Qb3 Rb8 31.Qb6 Rhe8 32.Rh3 e4 33.Qd6+ Kc8 34.c6
Rd8 35.Qxe6+ Kc7 36.Qd7+ 1-0

[Event "6th EUR-ch (w)"]
[Site "Chisinau MDA"]
[Date "2005.06.11"]
[Round "1"]
[White "Apanaviciute, Kristina"]
[Black "Kursova, Maria"]
[Result "0-1"]
[WhiteElo "2028"]
[BlackElo "2300"]
[EventDate "2005.06.10"]
[PlyCount "116"]

1.e4 c5 2.Nc3 e6 3.g3 Nc6 4.Bg2 g6 5.d3 Bg7 6.Be3 d6 7.Nge2 Nd4 8.Qd2 Ne7 
9.O-O O-O 10.Nd1 Qc7 11.c3 Nxe2+ 12.Qxe2 d5 13.f4 b6 14.Nf2 Ba6 15.Rfe1 
dxe4 16.Nxe4 Rad8 17.Rad1 Rd7 18.Qc2 Rfd8 19.Bf1 Qc6 20.Bg2 Qc8 21.Nf2 h5 
22.Bc1 Nf5 23.Be4 Bb7 24.Qe2 Nd6 25.Bxb7 Qxb7 26.Be3 Nf5 27.Rd2 Rd5 28.Qf3
Qc8 29.Rdd1 b5 30.a3 a5 31.Rc1 Nxe3 32.Rxe3 Qb8 33.Re2 b4 34.c4 R5d7 35.a4
Bd4 36.Rd1 b3 37.Qc6 Qb4 38.Red2 Be3 39.Re2 Rxd3 40.Rxd3 Rxd3 41.Kg2 Bxf2 
42.Kxf2 Qxc4 43.Qa8+ Kh7 44.Qxa5 Qd4+ 45.Kg2 Qd5+ 46.Kh3 Qf3 47.Qe1 g5 48.
Rf2 g4+ 49.Kh4 Qd5 50.Qe5 Qxe5 51.fxe5 Rf3 52.Re2 Kg6 53.h3 Rf1 54.Rh2 
gxh3 55.Kxh3 Ra1 56.Rf2 Rxa4 57.Rf3 c4 58.Rf4 c3 0-1

[Event "6th EUR-ch (w)"]
[Site "Chisinau MDA"]
[Date "2005.06.11"]
[Round "1"]
[White "Bogza, Adina"]
[Black "Kalinina, Olga"]
[Result "1/2-1/2"]
[WhiteElo "2297"]
[BlackElo "2022"]
[EventDate "2005.06.10"]
[PlyCount "183"]

1.Nf3 d5 2.c4 e6 3.e3 Nf6 4.Nc3 Bd6 5.Qc2 Nbd7 6.b3 c6 7.d4 O-O 8.Bb2 Re8 
9.cxd5 exd5 10.Bd3 Nf8 11.h3 Qe7 12.Ne5 Bxe5 13.dxe5 N6d7 14.f4 f6 15.O-O 
fxe5 16.e4 Qc5+ 17.Kh1 Kh8 18.exd5 cxd5 19.b4 Qc6 20.fxe5 Rxe5 21.Qf2 Nf6 
22.Nb5 Rh5 23.Rac1 Qb6 24.Qxb6 axb6 25.Bb1 Bd7 26.Nd6 d4 27.Bxd4 Bc6 28.
Nf5 N8d7 29.Ne7 Rxh3+ 30.Kg1 Rh4 31.Rfd1 Ba4 32.Rd2 Re8 33.Nf5 Rg4 34.Nd6 
Rf8 35.a3 Nh5 36.b5 Ng3 37.Bf2 Ne5 38.Kh2 Nh5 39.Re1 Ng6 40.Nf5 Bxb5 41.
Bxb6 Bc6 42.Bc5 Rc8 43.Nd6 Rf8 44.Nf5 Rc8 45.Red1 h6 46.Ne3 Rg5 47.g4 Nf6 
48.Bf5 Re8 49.Rd8 Nh4 50.Rxe8+ Bxe8 51.Rd8 Nxf5 52.gxf5 Kg8 53.Rb8 Kh7 54.
Rxb7 Bc6 55.Rc7 Rh5+ 56.Kg3 Ne4+ 57.Kg4 Rg5+ 58.Kf4 Nxc5 59.Rxc6 Nd3+ 60.
Ke4 Nf2+ 61.Kf3 Nd3 62.Rd6 Ne1+ 63.Kf2 Ng2 64.Nxg2 Rxf5+ 65.Ke2 Ra5 66.Rd3
g5 67.Ne3 Kg6 68.Nc4 Ra4 69.Rd4 Ra7 70.a4 h5 71.a5 h4 72.Kf3 Kh5 73.Rd5 
Rf7+ 74.Kg2 Rf4 75.Ne5 Ra4 76.Nf3 Ra2+ 77.Kh3 Ra3 78.Rxg5+ Kh6 79.Rf5 Kg6 
80.Rg5+ Kh6 81.Kg4 Ra4+ 82.Kh3 Ra3 83.Kxh4 Rxf3 84.Rb5 Kg6 85.Kg4 Ra3 86.
Rb6+ Kf7 87.Ra6 Ke7 88.Kf5 Kd7 89.Ke5 Kc7 90.Kd5 Kb7 91.Rb6+ Ka7 92.Rb5 
1/2-1/2

[Event "6th EUR-ch (w)"]
[Site "Chisinau MDA"]
[Date "2005.06.11"]
[Round "1"]
[White "Talmazan, Olga"]
[Black "Hryhorenko, Natalia"]
[Result "0-1"]
[WhiteElo "2013"]
[BlackElo "2294"]
[EventDate "2005.06.10"]
[PlyCount "42"]

1.e4 e6 2.d4 d5 3.Nc3 Bb4 4.exd5 exd5 5.Bd3 Nc6 6.Ne2 Qf6 7.O-O Nge7 8.Nb5
O-O 9.Nxc7 Rb8 10.Nf4 Bd6 11.Ncxd5 Nxd5 12.Nxd5 Qxd4 13.Qh5 g6 14.Qf3 Ne5 
15.Qf6 Qxd5 16.Bh6 Nf3+ 17.Qxf3 Qxf3 18.gxf3 Re8 19.Kg2 Be6 20.a3 f6 21.f4
Rbc8 0-1

[Event "6th EUR-ch (w)"]
[Site "Chisinau MDA"]
[Date "2005.06.11"]
[Round "1"]
[White "Cherednichenko, Elena"]
[Black "Nill, Jessica"]
[Result "1-0"]
[WhiteElo "1969"]
[BlackElo "2290"]
[EventDate "2005.06.10"]
[PlyCount "105"]

1.d4 d5 2.c4 c6 3.cxd5 cxd5 4.Nc3 Nf6 5.Nf3 Nc6 6.Bf4 a6 7.e3 g6 8.Bd3 Bg7
9.O-O O-O 10.Na4 Nh5 11.Bg5 b5 12.Nc5 Qd6 13.Rc1 Bg4 14.Be2 h6 15.Bh4 g5 
16.Bg3 Nxg3 17.hxg3 Bh5 18.Qd2 Bg6 19.Bd3 f5 20.Nb7 Qc7 21.Nc5 Rf6 22.a3 
Qd6 23.Nb7 Qd7 24.Nc5 Qe8 25.Bb1 e6 26.Ne1 Rf8 27.Nf3 Nd8 28.Nb3 Nf7 29.
Qb4 Rd8 30.Nc5 Ra8 31.Nb3 e5 32.Rfe1 e4 33.Nfd2 Nd8 34.Qd6 Bf7 35.Nc5 Ra7 
36.Rf1 Ne6 37.Nxe6 Bxe6 38.Rc6 Rf6 39.Qc5 Ra8 40.Ba2 Rd8 41.Qb6 Qe7 42.
Qxa6 Kh7 43.Qb6 Rdf8 44.Rc7 Qe8 45.Qb7 R8f7 46.Rxf7 Rxf7 47.Qb6 Rf6 48.Qd6
Qh5 49.Re1 Rf7 50.Qc5 f4 51.Bxd5 fxe3 52.Bxe4+ Kg8 53.Nf3 1-0

[Event "6th EUR-ch (w)"]
[Site "Chisinau MDA"]
[Date "2005.06.11"]
[Round "1"]
[White "Vartic, Irina"]
[Black "Schuurman, Petra"]
[Result "1-0"]
[WhiteElo "1948"]
[BlackElo "2288"]
[EventDate "2005.06.10"]
[PlyCount "101"]

1.e4 c6 2.d4 d5 3.exd5 cxd5 4.c4 Nf6 5.Nc3 e6 6.Nf3 Bb4 7.Bd3 dxc4 8.Bxc4 
Nbd7 9.O-O Bxc3 10.bxc3 O-O 11.Bg5 Qc7 12.Qe2 b6 13.Rac1 Bb7 14.Bd3 Rfe8 
15.Bxf6 Nxf6 16.Ne5 Rad8 17.f4 g6 18.Qe3 Nd5 19.Qg3 f5 20.h4 Nf6 21.Rfe1 
a6 22.a4 Rd5 23.Qg5 Qg7 24.Rb1 Rd6 25.Nc4 Rc6 26.Rxb6 Rxb6 27.Nxb6 Nh5 28.
Bc4 h6 29.Rxe6 hxg5 30.Rxe8+ Kh7 31.Bg8+ Qxg8 32.Rxg8 Kxg8 33.fxg5 Nf4 34.
Kf2 Nxg2 35.d5 Nf4 36.c4 Nd3+ 37.Ke3 Nb4 38.Kd4 a5 39.c5 f4 40.c6 Ba6 41.
c7 Kf8 42.d6 f3 43.Ke3 f2 44.Kxf2 Nd3+ 45.Ke3 Nc5 46.d7 Nxd7 47.Nxd7+ Ke7 
48.Nb6 Kd6 49.c8=Q Bxc8 50.Nxc8+ Kc5 51.h5 1-0

[Event "6th EUR-ch (w)"]
[Site "Chisinau MDA"]
[Date "2005.06.11"]
[Round "1"]
[White "Mamedyarova, Zeinab"]
[Black "Foisor, Mihaela-Veronica"]
[Result "1-0"]
[WhiteElo "2286"]
[BlackElo "1930"]
[EventDate "2005.06.10"]
[PlyCount "59"]

1.c4 c5 2.Nf3 Nc6 3.d4 cxd4 4.Nxd4 Nf6 5.Nc3 d6 6.e4 g6 7.Be2 Bg7 8.Be3 
Bd7 9.O-O O-O 10.Qd2 Rc8 11.f3 a6 12.Rac1 Re8 13.Rfd1 Qa5 14.Nb3 Qc7 15.
Nd5 Qb8 16.Nb6 Rcd8 17.Nd4 Nxd4 18.Bxd4 Bc6 19.b4 e5 20.Be3 Bf8 21.Kh1 Be7
22.a4 Qc7 23.a5 Bd7 24.Bg5 Be6 25.Rc3 Nh5 26.Bxe7 Qxe7 27.g3 Nf6 28.Rd3 
Kf8 29.c5 Bd7 30.Rxd6 1-0

[Event "6th EUR-ch (w)"]
[Site "Chisinau MDA"]
[Date "2005.06.11"]
[Round "1"]
[White "Vetrila, Sanda"]
[Black "Makropoulou, Marina"]
[Result "0-1"]
[WhiteElo "1911"]
[BlackElo "2285"]
[EventDate "2005.06.10"]
[PlyCount "60"]

1.e4 g6 2.d4 Bg7 3.Nc3 d6 4.g3 c6 5.a4 a5 6.Bg2 Na6 7.Nge2 Nb4 8.Be3 Nf6 
9.h3 O-O 10.O-O Qc7 11.Qd2 Re8 12.Rad1 e5 13.g4 h5 14.gxh5 Nxh5 15.f4 Be6 
16.b3 exf4 17.Nxf4 Nxf4 18.Bxf4 Qd7 19.Rf3 d5 20.Rg3 b6 21.exd5 Nxd5 22.
Ne2 Nxf4 23.Nxf4 Bf5 24.c4 Bxd4+ 25.Kh1 Rad8 26.Nh5 Be5 27.Qxd7 Rxd7 28.
Rxd7 Bxd7 29.Rg5 Kf8 30.Ng3 Bf4 0-1

[Event "6th EUR-ch (w)"]
[Site "Chisinau MDA"]
[Date "2005.06.11"]
[Round "1"]
[White "Gvetadze, Sopio"]
[Black "Iurascu, Mihaela"]
[Result "1-0"]
[WhiteElo "2283"]
[BlackElo "1906"]
[EventDate "2005.06.10"]
[PlyCount "59"]

1.d4 Nf6 2.Nf3 g6 3.e3 Bg7 4.Bd3 O-O 5.O-O d6 6.Nbd2 Nbd7 7.e4 e5 8.c3 c6 
9.Re1 Qc7 10.Qc2 Re8 11.b3 a5 12.a4 Nf8 13.Ba3 Be6 14.Bxd6 Qxd6 15.dxe5 
Qc7 16.exf6 Bxf6 17.Nd4 Bd7 18.Nc4 Rad8 19.Rad1 Bc8 20.Bf1 Nd7 21.g3 Bg7 
22.Bg2 h5 23.f4 Bf8 24.e5 Nc5 25.f5 Kg7 26.Rf1 Nd7 27.e6 Nf6 28.fxg6 fxg6 
29.Rde1 c5 30.Ne5 1-0

[Event "6th EUR-ch (w)"]
[Site "Chisinau MDA"]
[Date "2005.06.11"]
[Round "1"]
[White "Baciu, Diana"]
[Black "Sharevich, Anna"]
[Result "0-1"]
[WhiteElo "1870"]
[BlackElo "2278"]
[EventDate "2005.06.10"]
[PlyCount "124"]

1.e4 c5 2.Nc3 e6 3.f4 a6 4.Nf3 b5 5.d3 Bb7 6.g3 Qc7 7.Bg2 d6 8.O-O Nf6 9.
h3 Nc6 10.Be3 Be7 11.Ne2 Nd7 12.c3 O-O 13.Qd2 b4 14.g4 bxc3 15.bxc3 Rab8 
16.g5 Na5 17.Nh2 f5 18.gxf6 Nxf6 19.Ng4 Bc6 20.Ng3 Rb7 21.Nxf6+ Bxf6 22.
Nh5 Bh4 23.Qe2 g6 24.Qg4 Qe7 25.Ng3 Bf6 26.Bd2 Rb2 27.Rf2 Rxd2 28.Rxd2 
Bxc3 29.Rad1 Bxd2 30.Rxd2 Bd7 31.Qg5 Qxg5 32.fxg5 Nc6 33.Rb2 Rb8 34.Rxb8+ 
Nxb8 35.Kf2 Nc6 36.Ne2 Nb4 37.Nc1 e5 38.Ke2 Be6 39.a3 Nc2 40.a4 Nd4+ 41.
Kd2 Bd7 42.a5 Nc6 43.Nb3 Be6 44.Kc3 Kf7 45.h4 Bxb3 46.Kxb3 Nxa5+ 47.Ka4 
Nc6 48.Bh3 Nb4 49.Bc8 Nxd3 50.Bxa6 Nf4 51.Bc4+ Ke7 52.Bg8 Ng2 53.h5 gxh5 
54.Bxh7 Nf4 55.Bf5 h4 56.g6 h3 57.Bg4 h2 58.Bf3 Nh3 59.g7 Kf7 60.Kb5 Kxg7 
61.Kc6 c4 62.Kxd6 c3 0-1

[Event "6th EUR-ch (w)"]
[Site "Chisinau MDA"]
[Date "2005.06.11"]
[Round "1"]
[White "Ptacnikova, Lenka"]
[Black "Babei, Angelica"]
[Result "1-0"]
[WhiteElo "2277"]
[BlackElo "1843"]
[EventDate "2005.06.10"]
[PlyCount "85"]

1.c4 c6 2.e4 d5 3.exd5 cxd5 4.d4 Nf6 5.Nf3 g6 6.Nc3 Bg7 7.Bg5 O-O 8.Bxf6 
exf6 9.Nxd5 Re8+ 10.Be2 Be6 11.Ne3 f5 12.O-O f4 13.Nc2 Bf5 14.Nb4 Qe7 15.
Qb3 Rd8 16.Rfe1 Nc6 17.Nxc6 bxc6 18.Bd3 Qd7 19.Bxf5 Qxf5 20.Ne5 Bxe5 21.
Rxe5 Qf6 22.Qc3 Qd6 23.d5 cxd5 24.Rxd5 Qc6 25.Rad1 Rxd5 26.Rxd5 Rc8 27.Rd4
g5 28.h4 h6 29.b4 Qe6 30.hxg5 hxg5 31.a3 Qf5 32.Rd1 g4 33.c5 f3 34.Qd3 Qh5
35.Qd7 Rf8 36.Rd4 f5 37.Qe6+ Rf7 38.Rd7 fxg2 39.Kxg2 f4 40.c6 g3 41.Qxf7+ 
Qxf7 42.Rxf7 Kxf7 43.c7 1-0

[Event "6th EUR-ch (w)"]
[Site "Chisinau MDA"]
[Date "2005.06.12"]
[Round "2"]
[White "Molchanova, Tatiana"]
[Black "Kosintseva, Tatiana"]
[Result "0-1"]
[WhiteElo "2315"]
[BlackElo "2486"]
[EventDate "2005.06.10"]
[PlyCount "90"]

1.e4 c5 2.Nf3 Nc6 3.d4 cxd4 4.Nxd4 Nf6 5.Nc3 d6 6.Bc4 Qb6 7.Nxc6 bxc6 8.
O-O g6 9.Qe2 Ng4 10.Rd1 Bg7 11.h3 Ne5 12.Be3 Qxb2 13.Nb5 Nxc4 14.Nc7+ Kd7 
15.Nxa8 Ba6 16.Rab1 Qc3 17.Rb3 Qa5 18.Qg4+ f5 19.Qh4 Bf6 20.Bg5 Bxg5 21.
Qxg5 Rxa8 22.exf5 Qxf5 23.Qh4 Qh5 24.Qxh5 gxh5 25.Rd4 Rf8 26.Rh4 Rf5 27.
Rb8 Ra5 28.Rh8 Rxa2 29.Rxh5 Nd2 30.f3 Rxc2 31.Ra5 Bd3 32.Rxa7+ Ke6 33.Re8 
Kd5 34.Rexe7 c5 35.Red7 Nc4 36.Ra6 Kd4 37.Rg7 d5 38.Rg4+ Kc3 39.Rc6 Kb4 
40.h4 d4 41.Rg7 Ne3 42.Rb7+ Kc4 43.Rg7 Bg6 44.h5 Rxg2+ 45.Kh1 Be8 0-1

[Event "6th EUR-ch (w)"]
[Site "Chisinau MDA"]
[Date "2005.06.12"]
[Round "2"]
[White "Dzagnidze, Nana"]
[Black "Kostiuk, Tatiana"]
[Result "0-1"]
[WhiteElo "2482"]
[BlackElo "2313"]
[EventDate "2005.06.10"]
[PlyCount "106"]

1.d4 Nf6 2.c4 c5 3.d5 b5 4.cxb5 a6 5.f3 g6 6.e4 Bg7 7.Nc3 O-O 8.Be3 d6 9.
Bd3 e6 10.dxe6 fxe6 11.Qb3 axb5 12.Bxb5 Qe7 13.e5 dxe5 14.Nge2 e4 15.fxe4 
Ng4 16.Bf4 Bd4 17.Nxd4 Rxf4 18.Nde2 Rf8 19.Nd1 Ba6 20.Rc1 Bxb5 21.Qxb5 Nd7
22.Ng3 Rxa2 23.h3 Qd6 24.Qb3 Nge5 25.Ke2 c4 26.Qe3 Nd3 27.Rc2 Nf4+ 28.Ke1 
Ra1 29.Rd2 Nxg2+ 30.Ke2 Nf4+ 31.Ke1 Ng2+ 32.Ke2 Qe5 33.Qc3 Nf4+ 34.Ke1 
Nd3+ 35.Rxd3 cxd3 36.Qxe5 Nxe5 37.Kd2 Rc8 38.Ne3 Rxh1 39.Nxh1 Rb8 40.Kc3 
Rd8 41.Nf2 Kf7 42.b4 Ke7 43.Nfd1 Rd6 44.Nb2 Kd7 45.b5 Kc7 46.Na4 d2 47.Nb2
Rd8 48.Kc2 Kb6 49.Nf1 Kxb5 50.Nxd2 Rxd2+ 51.Kxd2 Nc4+ 52.Nxc4 Kxc4 53.Ke3 
e5 0-1

[Event "6th EUR-ch (w)"]
[Site "Chisinau MDA"]
[Date "2005.06.12"]
[Round "2"]
[White "Lahno, Kateryna"]
[Black "Purtseladze, Maka"]
[Result "1-0"]
[WhiteElo "2467"]
[BlackElo "2311"]
[EventDate "2005.06.10"]
[PlyCount "67"]

1.e4 c6 2.d4 d5 3.Nc3 dxe4 4.Nxe4 Bf5 5.Ng3 Bg6 6.Bc4 e6 7.N1e2 Bd6 8.h4 
h6 9.Nf4 Ne7 10.Nxg6 Nxg6 11.Qg4 h5 12.Qe4 Nd7 13.Bg5 Nf6 14.Qd3 Nf4 15.
Qf3 Qc7 16.Bb3 a5 17.c4 Ng6 18.Bc2 O-O-O 19.O-O-O Rd7 20.Kb1 Ng4 21.Nxh5 
f5 22.Ng3 Nxf2 23.Qxf2 Bxg3 24.Qe3 Kb8 25.Qxe6 Ne7 26.Bxf5 Nxf5 27.Qxf5 
Re8 28.Rd3 Rf7 29.Qg4 Bd6 30.Rf3 Rxf3 31.Qxf3 Bg3 32.Rh3 Re1+ 33.Kc2 Bd6 
34.c5 1-0